000 00739cam a22002653a 4500
001 4735
003 PGUSA
005 20140828083106.0
008 031201s2003||||xxu|||||s|||||000 1 eng d
040 _aPGUSA
_beng
042 _adc
050 4 _aPS
100 1 _aWright, Harold Bell,
_d1872-1944
245 1 4 _aThe Shepherd of the Hills
_h[electronic resource] /
_cHarold Bell Wright
260 _bProject Gutenberg,
_c2003
506 _aPublic domain in the USA.
516 _aElectronic text
653 _aAllegories
653 _aChristian fiction
653 _aOzark Mountains -- Fiction
653 _aClergy -- Fiction
830 0 _aProject Gutenberg
_v4735
856 4 0 _uhttp://www.gutenberg.org/ebooks/4735
942 _cEB
999 _c234064
_d234064